000 00369nam a22001577a 4500
020 _a978-81-224-4039-3
041 _aENG
100 _aRanjan Gopal
245 _aBasic And Applied Soil Mechanics
250 _aThird Edition
260 _aNew Delhi
_bNew Age International Publishers
_c2016
300 _a752
650 _aSwce
700 _a Rao.A.S
856 _uSwce
999 _c59
_d59